000 nam a22 a 4500
999 _c964
_d964
003 AKMAL
005 20170508100552.0
008 170508s1997 my 00 may d
020 _a9830461742 (kkt.):
_cRM 4.10
040 _aAKMAL
082 0 4 _a297.23 FAR
090 0 0 _a297.23
_bFAR
100 1 _aFarmawy, Abdul Hayyi
_92048
245 1 0 _aHakikat mati /
_cAbdul Hayyi Al-Farmawy ; terjemahan Mustafa Umar
260 _aKuala Lumpur :
_bDarul Nu'man,
_c1997
300 0 0 _aviii, 69ms. ;
_c21cm
500 _aMenagndungi ayat-ayat dari Quran
650 0 _aDeath
_xReligious aspects
_xIslam
_91942
650 0 _aIslamic eschatology
_91940
700 0 _aMustafa Umar
_92049
942 _2ddc
_cBOOK